000
00310nam a2200133Ia 4500
008
190216s9999||||xx |||||||||||||| ||und||
100
_a
John D Ryder
245
0
_a
"Networks, Lines And Fields"
250
_a
2nd Ed.
260
_b
Prentice Hall India
_c
1990
300
_a
593
650
_a
Computer
942
_c
BK
999
_c
8400
_d
8400